000 01279nam a22003617a 4500
003 CHAP
005 20220329141157.0
008 971010s1975 r 00010 d
010 _a63891
011 _a64863
035 _a71003
040 _cCHAP
090 _aTesis
100 0 0 _aGómez Aguilar, José Roberto.
_949604
245 _aDiagnóstico de los recursos dedicados a la investigación pecuaria regional del I.N.I.P.
260 _aChapingo, Méx. :
_bEl autor,
_c1975
300 _a36 h. apénd.
502 _aTesis (Ing. Agrónomo Esp. en Zootecnia) -- ENA. Departamento de Zootecnia
590 _aALEPH
_b10
_c20130110
_lUCH01
_h1347
590 _aBATCH-UPD
_b10
_c20130110
_lUCH01
_h1220
590 _aBATCH-UPD
_b10
_c20130410
_lUCH01
_h0755
590 _aBATCH-UPD
_b10
_c20130914
_lUCH01
_h1500
590 _aCONVERSION
_b10
_c20130109
_lUCH01
_h1335
650 1 4 _aGanadería
_xInvestigación.
_944756
650 1 4 _aInvestigación
_xCostos.
_960229
710 0 _aInstituto Nacional de Investigaciones Pecuarias. México.
_959344
901 _aBK
942 _cFOLL
949 _aG51
_bZ
_cTESBD
_d-3594
_eTS1
_i71003
_si
949 _bBC
_cTES
_d-46064
_eTS1
_i71003
_si
949 _bBC
_cTES
_d-46072
_eTS2
_fc.3
_i71003
_si
949 _bBC
_cTES
_d-46073
_eTS2
_fc.2
_i71003
_si
999 _c63891
_d63891